2024 Ballon d'Or Nominees by Picture - Statistics

General Stats
  • This quiz has been taken 62 times
  • The average score is 27 of 30
Answer Stats
Picture Hint Answer % Correct
🇳🇴 Manchester City Erling Haaland
100%
🏴󠁧󠁢󠁥󠁮󠁧󠁿 Bayern Munich Harry Kane
100%
🇫🇷 Paris Saint-Germain Kylian Mbappé
100%
🇧🇷 Real Madrid Vinícius Júnior
100%
🏴󠁧󠁢󠁥󠁮󠁧󠁿 Real Madrid Jude Bellingham
98%
🇪🇸 Manchester City Rodri
98%
🏴󠁧󠁢󠁥󠁮󠁧󠁿 Arsenal Bukayo Saka
97%
🇦🇷 Aston Villa Emiliano Martínez
97%
🇦🇷 Inter Milan Lautaro Martínez
97%
🏴󠁧󠁢󠁥󠁮󠁧󠁿 Manchester City Phil Foden
97%
🇩🇪 Real Madrid Toni Kroos
97%
🇩🇪 Real Madrid Antonio Rüdiger
95%
🇪🇸 Barcelona Lamine Yamal
95%
🇪🇸 Real Madrid Dani Carvajal
93%
🇳🇴 Arsenal Martin Ødegaard
93%
🏴󠁧󠁢󠁥󠁮󠁧󠁿 Chelsea Cole Palmer
92%
🏴󠁧󠁢󠁥󠁮󠁧󠁿 Arsenal Declan Rice
90%
🇺🇾 Real Madrid Federico Valverde
90%
🇩🇪 Borussia Dortmund Mats Hummels
88%
🇪🇸 Athletic Bilbao Nico Williams
88%
🇫🇷 Arsenal William Saliba
88%
🇩🇪 Bayer Leverkusen Florian Wirtz
86%
🇵🇹 Manchester City Rúben Dias
85%
🇨🇭 Bayer Leverkusen Granit Xhaka
78%
🇪🇸 RB Leipzig Dani Olmo
76%
🇹🇷 Inter Milan Hakan Çalhanoğlu
75%
🇵🇹 Paris Saint-Germain Vitinha
73%
🇳🇬 Atalanta Ademola Lookman
71%
🇪🇸 Bayer Leverkusen Álex Grimaldo
66%
🇺🇦 Girona Artem Dovbyk
59%
No matching quizzes found
Score Distribution
Percent of People with Each Score
Percentile by Number Answered
Your Score History
You have not taken this quiz